01162nam a2200325 a 4500999001500000003000400015005001700019008004100036020001800077040002400095041000800119082001500127110004300142245006000185250001200245260005200257300001100309440005400320500003900374546005500413653003700468653003000505653003600535653002800571653002700599653002700626856005900653942001200712952011200724 c1907d1907OSt20190621131234.0131028s1997 sz ||||| |||| 00| 0 eng d a92-4-157189-6 cBiblioteca Medicina aeng aOMS QV 612 aOrganizacion Mundial de la Salud9100600aEnvironmental Health Criteria 189: Di-n-butyl Phthalate a1º ed. aGinebrabOrganizacion Mundial de la Saludc1997 a205 p.00aInternational Programme on Chemical Safety 92782 aBaja Depósito Caja 31 Junio 2019 aTexto en ingles, resumen y conclusion en español aACIDOS FTALICOS-EFECTOS ADVERSOS aACIDOS FTALICOS-TOXICIDAD aPLASTIFICANTES-EFECTOS ADVERSOS aPLASTIFICANTE-TOXICIDAD aEXPOSICION PROFESIONAL aEXPOSICION OCUPACIONAL yhttp://www.who.int/ipcs/publications/ehc/en/index.html 2ddccPH 00102ddc4051718NFICaBFMbBFMcCRd2013-10-28l0oOMS QV 612pH0159r2014-11-06tEj. 1w2013-10-28yPH